000 00502cam a2200193ua 4500
001 1021
008 110426n ii |||gr||||Z||||||eng
020 _a81-207-2763-0
040 _cMAIN
082 _a351
245 1 _aPublic administration. :
_bConcepts and theories. /
_cBy Rumki Basu.
250 _a4th.
260 _aNew Delhi.:
_bSterling.,
_c2004.
300 _axi, 507 p.:
_c20 cm.
653 _aPolitical science.
653 _aPublic administration.
700 1 _aBasu, Rumki.,
942 _cBK
999 _c940
_d940